| Tag |
First Indicator |
Second Indicator |
Subfields |
| LEADER |
00000cam a2200000Mi 4500 |
| 001 |
in00001546413 |
| 005 |
20151022060528.0 |
| 008 |
000301s2000 fr afh b 000 0 fre d |
| 020 |
|
|
|a 2879004934
|
| 029 |
0 |
|
|a TZT
|b JTL00043867
|
| 035 |
|
|
|a (OCoLC)ocm43614935
|
| 040 |
|
|
|a TZT
|b fre
|c TZT
|d TXA
|d UtOrBLW
|
| 043 |
|
|
|a e-it---
|
| 049 |
|
|
|a TXAM
|
| 072 |
|
7 |
|a PQ
|2 lcco
|
| 082 |
1 |
4 |
|a 809
|2 1
|
| 090 |
|
|
|a PQ2184.I8
|b M38 2000
|
| 110 |
2 |
|
|a Maison de Balzac.
|
| 245 |
1 |
3 |
|a Il signor di Balzac :
|b Balzac vu par l'Italie /
|c Maison de Balzac ; commissariat de l'exposition Yves Gagneux.
|
| 264 |
|
1 |
|a Paris :
|b Paris-Musées,
|c 2000.
|
| 300 |
|
|
|a 110 pages :
|b illustrations, color plates, facsimiles ;
|c 21 cm.
|
| 336 |
|
|
|a text
|b txt
|2 rdacontent
|
| 337 |
|
|
|a unmediated
|b n
|2 rdamedia
|
| 338 |
|
|
|a volume
|b nc
|2 rdacarrier
|
| 500 |
|
|
|a Exposition, Paris, Maison de Balzac, 10 octobre 2000 - 7 janvier 2001.
|
| 504 |
|
|
|a Includes bibliographical references (pages [89]-110).
|
| 600 |
1 |
0 |
|a Balzac, Honoré de,
|d 1799-1850
|v Exhibitions.
|
| 600 |
1 |
0 |
|a Balzac, Honoré de,
|d 1799-1850
|x Appreciation
|z Italy.
|
| 600 |
1 |
0 |
|a Balzac, Honoré de,
|d 1799-1850
|x Homes and haunts
|z Italy.
|
| 600 |
0 |
0 |
|a Dante Alighieri,
|d 1265-1321
|x Influence.
|
| 653 |
|
|
|a French author
|a Italian letters
|a XIXth century
|
| 938 |
|
|
|a Jean Touzot Libraire Editeur
|b TOUZ
|n JTL00043867
|c 95 FRF
|
| 994 |
|
|
|a E0
|b TXA
|
| 948 |
|
|
|a cataloged
|b h
|c 2000/11/13
|d c
|e fpiscitelli
|f 4:29:37 pm
|
| 999 |
|
|
|a MARS
|
| 999 |
f |
f |
|s 466d788d-601d-3b06-8fb6-fa8a1fc805b0
|i 9b33dda1-c28a-3e90-bb5f-5cf16da31576
|t 0
|
| 952 |
f |
f |
|p ric
|a Texas A&M University
|b Rellis Campus
|c Joint Library Facility
|d Remote Storage
|t 0
|e PQ2184.I8 M38 2000
|h Library of Congress classification
|i unmediated -- volume
|m A14826603182
|
| 998 |
f |
f |
|a PQ2184.I8 M38 2000
|t 0
|l Remote Storage
|